100 internationale Städte mit Anfangsbuchstabe M - Statistiken

Allgemein
  • Dieses Quiz wurde 116 mal gespielt
  • Das Durchschnittsergebnis liegt bei 39 aus 100
Antwortstatistiken
Einwohner Hinweis Antwort % Korrekt
20.000.000 Größte Stadt in Indien - ehemals Bombay Mumbai
97%
1.500.000 Bayerische Hauptstadt - Oktoberfest München
96%
3.400.000 Größte Stadt der iberischen Halbinsel Madrid
93%
13.000.000 Größte Stadt, die ausschließlich in Europa liegt Moskau
93%
1.300.000 Modemetropole Italiens Mailand
92%
880.000 Älteste Stadt Frankreichs - Nationalhymne Marseille
92%
5.000.000 Hauptstadt des australischen Bundesstaats Victoria Melbourne
91%
2.300.000 Heilige Stadt in Saudi-Arabien - Kaaba Mekka
89%
9.200.000 Erbaut auf den Überresten der aztek. Hauptstadt Tenochtitlan Mexiko Stadt
89%
2.000.000 Hauptstadt und größte Stadt von Belarus Minsk
89%
1.200.000 Hauptstadt von Uruguay Montevideo
88%
310.000 Westfälische Universitätsstadt Münster
81%
40.000 Stadtstaat am Mittelmeer - Formel 1 Rennstrecke Monaco
78%
590.000 Bewohner werden Mancunians genannt Manchester
74%
320.000 Stadt am Zusammenfluss von Neckar und Rhein Mannheim
74%
240.000 Domstadt an der Elbe Magdeburg
73%
220.000 Domstadt am Rhein Mainz
72%
440.000 Zweitgrößte Stadt in Florida - Art-déco-Viertel Miami
70%
590.000 Hafenstadt in Andalusien - Geburtsort von Picasso Málaga
68%
210.000 Hauptstadt der Malediven Malé
68%
1.700.000 Zweitgrößte französischsprachige Stadt der Welt Montreal
68%
300.000 Schwedisches Seebad an der Öresundbrücke Malmö
66%
2.300.000 Hauptstadt von Somalia - Erstürmung der entführten Landshut Mogadischu
65%
640.000 Hauptstadt von Oman Maskat
61%
270.000 Geburtsort von Günter Netzer und Jupp Heynckes Mönchengladbach
59%
1.800.000 Die am stärksten vom Klimawandel bedrohte Megastadt weltweit Manila
58%
2.600.000 Zweitgrößte kolumbianische Stadt - Drogenkartell in den 1980ern Medellín
58%
170.000 Stadt im Ruhrgebiet - Sitz von zwei Max-Planck-Institute Mülheim an der Ruhr
57%
30.000 Sächsische Kreisstadt - Porzellanmanufaktur Meißen
55%
1.000.000 Marokkanische Königsstadt am Hohen Atlas Marakesch
54%
1.400.000 Heilige Stadt in Saudi-Arabien - Grab des Propheten Mohammed Medina
53%
1.700.000 Hauptstadt von Liberia - benannt nach US-Präsident Monrovia
51%
1.100.000 Hauptstadt von Mosambik Maputo
50%
2.000.000 Hauptstadt des brasilianischen Bundesstaates Amazonas Manaus
49%
80.000 Kreisstadt in Ostwestfalen an der Weser - Wasserstraßenkreuz Minden
49%
310.000 Frz. Stadt am Mittelmeer - antiker Name: Monspessulanus Montpellier
49%
630.000 US-Musikmetropole in Tennessee - Graceland Memphis
46%
430.000 Twin City von St. Paul im US-Bundesstaats Minnesota Minneapolis
46%
650.000 Sonderverwaltungszone an der Südküste der Volksrepublik China Macau
45%
1.200.000 Zweitgrößte Stadt in Kenia - Hafenstadt am Indischen Ozean Mombasa
45%
120.000 Stadt in der Lombardei - Formel 1 Rennstrecke Monza
45%
100.000 Dt. Großstadt am Niederrhein - gleichnamiger Comiczeichner Moers
43%
1.100.000 Mexikanische Industrie- und Millionenstadt im Nordosten Monterrey
43%
1.000.000 Hauptstadt von Nicaragua und zweitgrößte Stadt Zentralamerikas Managua
42%
160.000 Hauptstadt des Königreiches Bahrain Manama
42%
120.000 Hauptstadt des Departement Moselle - Mirabellenfest Metz
41%
110.000 Zweitgrößte Stadt von Slowenien - Alpiner Skiweltcup Maribor
39%
130.000 Grundlagenvertrag für den Euro Maastricht
38%
330.000 Hauptstadt von Lesotho Maseru
38%
90.000 Hauptstadt von Eswatini und der Region Hhohho Mbabane
34%
220.000 Sizilianische Hafenstadt, ca. 5 km vom Festland entfernt Messina
34%
580.000 Großstadt im US-Bundesstaat Wisconsin - "German Fest" Milwaukee
34%
310.000 Größte nördlich des Polarkreises gelegene Stadt Murmansk
32%
300.000 Bis 2025 Hauptstadt von Äquatorialguinea auf der Insel Bioko Malabo
31%
90.000 Stadt im Ruhrgebiet - Zeche Auguste Victoria Marl
30%
470.000 Spanische Universitätsstadt - Obstgarten Europas Murcia
30%
40.000 Stadt in Uruguay - auch Frauenname und Automarke Mercedes
28%
110.000 Stadt in Bosnien und Herzegowina mit berühmter Brücke Mostar
28%
1.400.000 Zweitgrößte Stadt des Irak - Schlacht 2016/17 Mossul
27%
10.000 Kleinstadt bei Los Angeles mit luxuriösen Villen und Stränden Malibu
26%
170.000 Viertgrößte Stadt von Turkmenistan - engl. Königinnenname Mary
26%
80.000 Hauptstadt von Komoren Moroni
26%
420.000 Umkämpfte Hafenstadt am Ufer des Asowschen Meeres Mariupol
24%
90.000 Spanische Exklave in Nordafrika Melilla
24%
100.000 Zweisprachige Stadt im Elsass - Museum Cité de l’Automobile Mülhausen
24%
180.000 Italienische Universitätsstadt und Geburtsort von Enzo Ferrari Modena
23%
40.000 Kreisfreie Stadt in Oberschwaben - Wallensteinfestspiele Memmingen
22%
270.000 Hauptstadt von Wisconsin - benannt nach US Präsident Madison
20%
200.000 Hauptstadt des US-Bundesstaates Alabama Montgomery
19%
20.000 Hauptstadt der Marshallinseln Majuro
18%
30.000 Stadt im Kanton Waadt am Genfer See - Jazz Festival Montreux
18%
1.700.000 Größte Stadt in Venezuela - gegründet 1529 als Neu-Nürnberg Maracaibo
16%
3.000.000 Zweitgrößte Stadt im Iran - Bundesstaat Razavi-Chorasan Maschhad
16%
2.400.000 Viertgrößte Stadt Indonesiens - Hauptstadt von Sumatra Utara Medan
16%
140.000 Stadt im Nordosten von England Middlesbrough
16%
90.000 Heimat von Het Anker, der ältesten Brauerei Belgiens Mechelen
15%
120.000 Stadt in Argentinien und Hauptstadt der gleichnamigen Provinz Mendoza
15%
100.000 Standort des Militärischen Hauptquartiers der NATO in Belgien Mons
12%
1.200.000 Letzte Hauptstadt des birmanischen Königreich Mandalay
11%
260.000 1967 errichtete Planstadt nördlich von London Milton Keynes
11%
110.000 Küstenstadt in Jamaica - erwähnt im Lied "Kokomo" Montego Bay
11%
1.400.000 Bevölkerungsreichste Stadt der Insel Sulawesi Makassar
9%
10.000 Hauptstadt und einzige Stadt der Ålandinseln Mariehamn
9%
190.000 Stadt in Alabama - Heimatstadt von Forrest Gump Mobile
9%
1.000.000 Türkische Millionenstadt an der Mittelmeerküste - bis 2002 İçel Mersin
8%
670.000 Argentinische Großstadt am Meer - sehr bekanntes Seebad Mar del Plata
7%
2.900.000 Millionenstadt in DR Kongo - bis 1966 Bakwanga Mbuji-Mayi
7%
550.000 Marokkanische Königsstadt am Fuße des Mittleren Atlas Meknès
7%
140.000 Viertgrößte Stadt von Ungarn Miskolc
7%
1.900.000 Siebtgrößte Stadt in Pakistan - in der Provinz Punjab Multan
7%
950.000 Brasilianische Stadt an der Atlantikküste Maceió
5%
720.000 Drittgrößte Stadt der kanadischen Provinz Ontario Mississauga
5%
1.000.000 Eine der ältesten Städte Südindiens Madurai
4%
220.000 Großstadt in Kalifornien - Geburtsort von George Lucas Modesto
4%
1.100.000 Zweitgrößte Stadt von Tansania - am Victoriasee Mwanza
4%
550.000 Hafenstadt im südwestindischen Bundesstaat Karnataka Mangaluru
3%
500.000 Stadt im US-Bundesstaat Arizona Mesa
3%
90.000 Tunesische Küstenstadt Monastir
3%
440.000 Brasilianische Stadt am Äquator und der Mündung des Amazonas Macapá
1%
100.000 Stadtbezirk von Lima am Pazifik - "Blumenblick" Miraflores
1%
Keine übereinstimmenden Quizze gefunden
Verteilung der Resultate
Anzahl Personen mit jedem Resultat
Perzentil nach korrekt beantworteten Fragen
Ihre Resultats-Entwicklung
Sie haben dieses Quiz noch nicht gespielt